Statistics for Superlative landform

Click here to take the quiz!

General Stats

  • This quiz has been taken 9 times
  • The average score is 7 of 8

Answer Stats

LandformAnswer% Correct
MountainEverest
100%
Coral reefGreat Barrier Reef
100%
IslandGreenland
100%
RiverNile
100%
WaterfallAngel Falls
89%
TrenchMariana
89%
Desert (exclude polar areas)Sahara
89%
Freshwater lakeBaikal
67%

Score Distribution

Percentile by Number Answered

Percent of People with Each Score

Your Score History

You have not taken this quiz